Labor movements and dictatorships: the Southern Cone in comparative perspective
Shranjeno v:
| Glavni avtor: | |
|---|---|
| Format: | Knjiga |
| Jezik: | angleščina |
| Izdano: |
Londres
The John Hopkins University Press
1996
|
| Izdaja: | 1a. ed |
| Teme: | |
| Oznake: |
Označite
Brez oznak, prvi označite!
|
MARC
| LEADER | 00000cam a2200000 a 4500 | ||
|---|---|---|---|
| 001 | UCE2746 | ||
| 003 | CL-VaPUC | ||
| 008 | 140724e19960000uk |||||||||||||||||eng|d | ||
| 020 | |a 0801853273 | ||
| 082 | 0 | 4 | |a 322.2098 |b DRA |2 21 |
| 100 | 0 | |a Drake, Paul W |e author |9 575323 | |
| 245 | 1 | 0 | |a Labor movements and dictatorships: the Southern Cone in comparative perspective |
| 250 | |a 1a. ed | ||
| 300 | |a 253 p | ||
| 942 | |c BK | ||
| 945 | |d 20140724 10:48:00 |a dcastane | ||
| 260 | |a Londres |b The John Hopkins University Press |c 1996 | ||
| 650 | 7 | |a MOVIMIENTOS OBREROS |2 CL-VaPUC |9 464058 | |
| 650 | 0 | |a Movimientos sociales |9 315241 | |
| 650 | 0 | |a Sindicatos |9 255034 | |
| 650 | 0 | |a Autoritarismo |9 295297 | |
| 583 | |a last modification |c 20140724 10:48:00 |k Rodrigo Vera | ||
| 999 | |c 356321 |d 356319 | ||
| 952 | |0 0 |1 0 |3 erb |4 0 |6 322_209800000000000_DRA_1996 |7 0 |8 A |9 463591 |a BIBHIS |b BIBHIS |i 5038693 |o 322.2098 DRA 1996 |p 5038693 |r 2025-01-20 |w 2019-11-23 |y BK |z Catalogado en:20140724 |k HIS | ||